| 000 | 00783nam a2200277Ia 4500 | ||
|---|---|---|---|
| 001 | 001815 | ||
| 008 | 221003s1991 xx 000 0 spa d | ||
| 035 | _aCENDO_2920 | ||
| 041 | _aspa | ||
| 084 | _aEM-00009-00013 | ||
| 110 |
_aCCOO _bUnión Regional de Aragón _bSecretaría de Empleo _93852 |
||
| 245 | 0 |
_aControl de la contratación / _cSecretaría de Acción Sindical-Empleo, CC.OO. Aragón |
|
| 260 |
_a[S.l. : _bs.n.], _c1991 |
||
| 300 |
_a6 h. ; _c 30 cm |
||
| 650 |
_aCOMISIONES DE SEGUIMIENTO _93712 |
||
| 650 |
_aCONTRATACION _9166 |
||
| 650 | 0 |
_aACTITUD SINDICAL _961 |
|
| 650 |
_aCCOO _960 |
||
| 650 |
_aARAGON _92165 |
||
| 901 | _a2 | ||
| 903 | _aNO | ||
| 953 |
_d1997-02-07 _yDOCUMENTO _oEM-00009-00013 |
||
| 999 |
_c2919 _d2919 |
||
| 910 | _a1991 | ||
| 942 | _cDOCUMENTO | ||